| 000 | 00604nam a2200241Ia 4500 | ||
|---|---|---|---|
| 005 | 20250425160953.0 | ||
| 008 | 250425s9999 xx 000 0 und d | ||
| 020 | _a8430310169 | ||
| 041 | _aspa | ||
| 043 | _asp | ||
| 082 | _a423 | ||
| 100 | _aMARTINEZ AMADOR, EMILIO M. | ||
| 245 | 0 | _aDICCIONARIO INGLES-ESPAÑOL; ESPAÑOL-INGLES | |
| 250 | _a1A ED. | ||
| 260 | _aBARCELONA | ||
| 260 |
_aEspaña _bRAMON SOPENA _c1985 |
||
| 300 | _a703 | ||
| 650 | _aDICCIONARIO ESPAÑOL INGLES | ||
| 650 | _aDICCIONARIO INGLES ESPAÑOL | ||
| 650 | _aGRAMATICA INGLESA | ||
| 942 | _c01 | ||
| 010 | _a9555 | ||
| 999 |
_c199894 _d199894 |
||